A life less valuable? Criminal justice responses to child homicide

Gespeichert in:  
Bibliographische Detailangaben
1. VerfasserIn: Poteyeva, Margarita (Verfasst von)
Medienart: Elektronisch Aufsatz
Sprache:Englisch
Veröffentlicht: American Society of Criminology 2008
In:Enthalten in: American Society of Criminology 2008 Annual Meeting
Online-Zugang: Volltext (lizenzpflichtig)
Verfügbarkeit prüfen: HBZ Gateway
Schlagwörter:

MARC

LEADER 00000caa a22000002c 4500
001 1912609312
003 DE-627
005 20250124055007.0
007 cr uuu---uuuuu
008 241217s2008 xx |||||o 00| ||eng c
035 |a (DE-627)1912609312 
035 |a (DE-599)KXP1912609312 
040 |a DE-627  |b ger  |c DE-627  |e rda 
041 |a eng 
084 |a 2,1  |2 ssgn 
100 1 |a Poteyeva, Margarita  |e VerfasserIn  |4 aut 
245 1 2 |a A life less valuable? Criminal justice responses to child homicide 
264 1 |b American Society of Criminology  |c 2008 
336 |a Text  |b txt  |2 rdacontent 
337 |a Computermedien  |b c  |2 rdamedia 
338 |a Online-Ressource  |b cr  |2 rdacarrier 
655 4 |a Konferenzschrift ; 2008 ; St. Louis, MO 
773 0 8 |i Enthalten in  |t American Society of Criminology 2008 Annual Meeting 
856 4 0 |u https://convention2.allacademic.com/one/asc/asc08/index.php?click_key=1&cmd=Multi+Search+Search+Load+Publication&publication_id=270848&PHPSESSID=ra5q2o6phi0sjg6gck0n05n9ti  |x Verlag  |z lizenzpflichtig  |3 Volltext  |7 1 
935 |a mkri 
951 |a AR 
ELC |a 1 
LOK |0 000 xxxxxcx a22 zn 4500 
LOK |0 001 4637574838 
LOK |0 003 DE-627 
LOK |0 004 1912609312 
LOK |0 005 20241217044646 
LOK |0 008 241217||||||||||||||||ger||||||| 
LOK |0 035   |a (DE-2619)ICPSR152325 
LOK |0 040   |a DE-2619  |c DE-627  |d DE-2619 
LOK |0 092   |o n 
LOK |0 852   |a DE-2619 
LOK |0 852 1  |9 00 
LOK |0 935   |a uvkn  |a nacp 
LOK |0 939   |a 17-12-24  |b l01 
ORI |a SA-MARC-krimdoka001.raw